| 000 | 00449nam a22001337a 4500 | ||
|---|---|---|---|
| 005 | 20150907105007.0 | ||
| 008 | 150907b xxu||||| |||| 00| 0 eng d | ||
| 040 | _cPK-LaUMT | ||
| 082 |
_aKHC 954.9182082 _bENG- |
||
| 245 |
_aThe english factory in Sind _bextracts regarding sind from william foster's the english factories in India _cMubark Ali(Editor |
||
| 260 |
_aJamshoro _bInstitue of Sindhology university _c1983 |
||
| 300 | _a118 p. | ||
| 942 | _cBK | ||
| 999 |
_c75470 _d75470 |
||